<?xml version="1.0" encoding="UTF-8"?>
<record
    xmlns:xsi="http://www.w3.org/2001/XMLSchema-instance"
    xsi:schemaLocation="http://www.loc.gov/MARC21/slim http://www.loc.gov/standards/marcxml/schema/MARC21slim.xsd"
    xmlns="http://www.loc.gov/MARC21/slim">

  <leader>01071aaa a2200265 a 4500</leader>
  <controlfield tag="001">78237</controlfield>
  <controlfield tag="003">BD-RjUL</controlfield>
  <controlfield tag="005">20211209083116.0</controlfield>
  <controlfield tag="008">210824s2003    si ||||| |||| 001 0 ara d</controlfield>
  <datafield tag="020" ind1=" " ind2=" ">
    <subfield code="a">9773421171</subfield>
  </datafield>
  <datafield tag="035" ind1=" " ind2=" ">
    <subfield code="a">(BD-RjUL)78463</subfield>
  </datafield>
  <datafield tag="040" ind1=" " ind2=" ">
    <subfield code="a">BD-RjUL</subfield>
    <subfield code="b">eng</subfield>
    <subfield code="c">BD-RjUL</subfield>
  </datafield>
  <datafield tag="041" ind1=" " ind2=" ">
    <subfield code="a">ara</subfield>
  </datafield>
  <datafield tag="082" ind1=" " ind2=" ">
    <subfield code="2">23</subfield>
    <subfield code="a">340.59</subfield>
    <subfield code="b">SUT 2003</subfield>
  </datafield>
  <datafield tag="100" ind1=" " ind2=" ">
    <subfield code="a">&#x633;&#x62D;&#x64A;&#x645;&#x64A;&#x60C; &#x623;&#x62D;&#x645;&#x62F; &#x62D;&#x627;&#x631;&#x633;   ;; Suhaimi, Ahmed Haris </subfield>
    <subfield code="9">247144</subfield>
  </datafield>
  <datafield tag="245" ind1=" " ind2=" ">
    <subfield code="a"> &#x62A;&#x648;&#x62B;&#x64A;&#x642; &#x627;&#x644;&#x633;&#x646;&#x629; &#x628;&#x64A;&#x646; &#x627;&#x644;&#x634;&#x64A;&#x639;&#x629; &#x627;&#x644;&#x625;&#x645;&#x627;&#x645;&#x64A;&#x629; &#x648;&#x623;&#x647;&#x644; &#x627;&#x644;&#x633;&#x646;&#x629; &#x641;&#x64A; &#x623;&#x62D;&#x643;&#x627;&#x645; &#x627;&#x644;&#x625;&#x645;&#x627;&#x645;&#x629; &#x648;&#x646;&#x643;&#x627;&#x62D; &#x627;&#x644;&#x645;&#x62A;&#x639;&#x629;  ; ; tawthiq alsanat bayn alshiyeat al'iimamiat wa'ahl alsunat fi 'ahkam al'iimamat wanikah almutea /</subfield>
    <subfield code="c"> Ahmed Haris Suhaimi ;; &#x627;&#x644;&#x645;&#x624;&#x644;&#x641; &#x623;&#x62D;&#x645;&#x62F; &#x62D;&#x627;&#x631;&#x633; &#x633;&#x62D;&#x64A;&#x645;&#x64A;</subfield>
  </datafield>
  <datafield tag="250" ind1=" " ind2=" ">
    <subfield code="a">2nd.ed.  ;;  &#x627;&#x644;&#x637;&#x644;&#x639;&#x629; &#x627;&#x644;&#x62B;&#x627;&#x646;&#x64A;&#x629;</subfield>
  </datafield>
  <datafield tag="260" ind1=" " ind2=" ">
    <subfield code="a">&#x627;&#x644;&#x642;&#x627;&#x647;&#x631;&#x647;:</subfield>
    <subfield code="b">&#x62F;&#x627;&#x631; &#x627;&#x644;&#x633;&#x644;&#x627;&#x645;&#x60C;</subfield>
    <subfield code="c">2003</subfield>
  </datafield>
  <datafield tag="300" ind1=" " ind2=" ">
    <subfield code="a">662 p. ;</subfield>
    <subfield code="c">22 p.;</subfield>
  </datafield>
  <datafield tag="650" ind1=" " ind2=" ">
    <subfield code="a">Marriage (Islamic law)</subfield>
    <subfield code="9">247145</subfield>
  </datafield>
  <datafield tag="650" ind1=" " ind2=" ">
    <subfield code="a">Muta</subfield>
    <subfield code="9">247146</subfield>
  </datafield>
  <datafield tag="650" ind1=" " ind2=" ">
    <subfield code="a">Hadith</subfield>
    <subfield code="v">Evidences, authority, etc</subfield>
    <subfield code="9">247147</subfield>
  </datafield>
  <datafield tag="651" ind1=" " ind2=" ">
    <subfield code="v">Imamate</subfield>
    <subfield code="9">247148</subfield>
  </datafield>
  <datafield tag="942" ind1=" " ind2=" ">
    <subfield code="2">ddc</subfield>
    <subfield code="c">BK</subfield>
  </datafield>
  <datafield tag="999" ind1=" " ind2=" ">
    <subfield code="c">78237</subfield>
    <subfield code="d">78237</subfield>
  </datafield>
  <datafield tag="952" ind1=" " ind2=" ">
    <subfield code="0">0</subfield>
    <subfield code="1">0</subfield>
    <subfield code="2">ddc</subfield>
    <subfield code="4">0</subfield>
    <subfield code="7">1</subfield>
    <subfield code="8">NFIC</subfield>
    <subfield code="a">RUCL</subfield>
    <subfield code="b">RUCL</subfield>
    <subfield code="c">Reading</subfield>
    <subfield code="d">2009-11-18</subfield>
    <subfield code="e">Ahsania Mission , Dhaka</subfield>
    <subfield code="g">750.00</subfield>
    <subfield code="l">0</subfield>
    <subfield code="o">A 340.59 SUT 2003</subfield>
    <subfield code="r">2021-08-24 00:00:00</subfield>
    <subfield code="t">C-1</subfield>
    <subfield code="w">2021-08-24</subfield>
    <subfield code="y">BK</subfield>
  </datafield>
</record>
